[Event "Ville d'Orsay online Blitz"]
[Site "Europe Echecs INT"]
[Date "2021.02.07"]
[Round "1"]
[White "Benlatreche, Farid"]
[Black "Efremov, Vladislav"]
[Result "0-1"]
[WhiteElo "1344"]
[BlackElo "2158"]
[PlyCount "62"]
[EventDate "2021.02.07"]
[EventType "swiss (blitz)"]
[EventRounds "11"]
[EventCountry "FRA"]
[SourceTitle "CBM 200 Extra"]
[Source "ChessBase"]
[SourceDate "2021.03.31"]
[SourceVersion "1"]
[SourceVersionDate "2021.03.31"]
[SourceQuality "1"]

1. d4 d5 2. f4 Nf6 3. Nf3 c5 4. c3 Nc6 5. e3 Bg4 6. Bd3 e6 7. 0-0 Be7 8. Nbd2 0-0 9. h3 Bh5 10. Qe1 Bg6 11. Bxg6 hxg6 12. Ne5 Ne4 13. Ndf3 Qe8 14. Ng5 Nxg5 15. fxg5 Nxe5 16. dxe5 Bxg5 17. Qg3 Bd8 18. Bd2 Bc7 19. Kf2 f6 20. Ke2 Bxe5 21. Qh4 f5 22. Rf3 Bf6 23. Qf2 e5 24. Rh1 d4 25. Kd1 e4 26. Rg3 Bh4 27. exd4 cxd4 28. Bf4 e3 29. Qe2 Bxg3 30. Bxg3 Qe4 31. h4 Qb1# 0-1

[Event "FRA-ch Blitz Online Qual"]
[Site "Europe Echecs INT"]
[Date "2020.05.16"]
[Round "7"]
[White "Benlatreche, Farid"]
[Black "Briguet, Remi"]
[Result "1-0"]
[WhiteElo "1416"]
[BlackElo "1160"]
[PlyCount "51"]
[EventDate "2020.05.16"]
[EventType "swiss (blitz)"]
[EventRounds "15"]
[EventCountry "FRA"]
[SourceTitle "CBM 196 Extra"]
[Source "ChessBase"]
[SourceDate "2020.07.31"]
[SourceVersion "1"]
[SourceVersionDate "2020.07.31"]
[SourceQuality "1"]

1. d4 d5 2. f4 Nc6 3. e3 Bf5 4. c3 Nf6 5. Nf3 e6 6. Bd3 Bxd3 7. Qxd3 Bd6 8. 0-0 0-0 9. Ne5 Bxe5 10. fxe5 Ng4 11. h3 Nh6 12. e4 dxe4 13. Qxe4 Qd5 14. Qxd5 exd5 15. Nd2 Rae8 16. Nf3 Re6 17. Ng5 Rg6 18. Bd2 f6 19. Ne6 Rc8 20. Bxh6 gxh6 21. exf6 Re8 22. f7+ Kh8 23. fxe8Q+ Rg8 24. Rf8 Ne7 25. Qxe7 h5 26. Qg7# 1-0

[Event "FRA-ch Blitz Online Qual"]
[Site "Europe Echecs INT"]
[Date "2020.05.16"]
[Round "1"]
[White "Benlatreche, Farid"]
[Black "Masset, Jacques"]
[Result "0-1"]
[WhiteElo "1416"]
[BlackElo "2058"]
[PlyCount "52"]
[EventDate "2020.05.16"]
[EventType "swiss (blitz)"]
[EventRounds "15"]
[EventCountry "FRA"]
[SourceTitle "CBM 196 Extra"]
[Source "ChessBase"]
[SourceDate "2020.07.31"]
[SourceVersion "1"]
[SourceVersionDate "2020.07.31"]
[SourceQuality "1"]

1. e4 g6 2. Nf3 Bg7 3. d4 c5 4. c3 cxd4 5. cxd4 d5 6. e5 Nc6 7. Bb5 Nh6 8. Bxh6 Bxh6 9. 0-0 0-0 10. Bxc6 bxc6 11. Nc3 Rb8 12. Qc2 Bf5 13. Qe2 Qa5 14. Nh4 Bc8 15. f4 Ba6 16. Qg4 Bxf1 17. Rxf1 Rxb2 18. Nf5 Bg7 19. Nxe7+ Kh8 20. f5 Qxc3 21. fxg6 Qe3+ 22. Kh1 Qf2 23. Rg1 fxg6 24. h4 Rf4 25. Qc8+ Bf8 26. Nxc6 Rxh4+ 0-1

[Event "FRA-ch Blitz Online Qual"]
[Site "Europe Echecs INT"]
[Date "2020.05.16"]
[Round "12"]
[White "Benlatreche, Farid"]
[Black "Negre, Emilie"]
[Result "1-0"]
[WhiteElo "1416"]
[BlackElo "1438"]
[PlyCount "51"]
[EventDate "2020.05.16"]
[EventType "swiss (blitz)"]
[EventRounds "15"]
[EventCountry "FRA"]
[SourceTitle "CBM 196 Extra"]
[Source "ChessBase"]
[SourceDate "2020.07.31"]
[SourceVersion "1"]
[SourceVersionDate "2020.07.31"]
[SourceQuality "1"]

1. d4 Nf6 2. f4 e6 3. e3 d5 4. c3 b6 5. Nf3 a5 6. Bd3 Ba6 7. 0-0 Bxd3 8. Qxd3 Ne4 9. Nbd2 Nf6 10. e4 dxe4 11. Nxe4 Nbd7 12. Ng3 Be7 13. f5 exf5 14. Nxf5 0-0 15. Re1 Re8 16. Bg5 h6 17. Bxf6 Bxf6 18. Rxe8+ Qxe8 19. Re1 Qf8 20. Ne5 Nxe5 21. dxe5 Re8 22. Qg3 Bg5 23. h4 Bd8 24. Nxh6+ Kh7 25. Nf5 g6 26. Nd4 1-0

[Event "FRA-ch Blitz Online Qual"]
[Site "Europe Echecs INT"]
[Date "2020.05.16"]
[Round "9"]
[White "Benlatreche, Farid"]
[Black "Ngomane, Max"]
[Result "1-0"]
[WhiteElo "1416"]
[BlackElo "1278"]
[PlyCount "121"]
[EventDate "2020.05.16"]
[EventType "swiss (blitz)"]
[EventRounds "15"]
[EventCountry "FRA"]
[SourceTitle "CBM 196 Extra"]
[Source "ChessBase"]
[SourceDate "2020.07.31"]
[SourceVersion "1"]
[SourceVersionDate "2020.07.31"]
[SourceQuality "1"]

1. d4 c5 2. c3 e6 3. f4 a6 4. e3 b5 5. Nf3 Bb7 6. Bd3 cxd4 7. exd4 Nc6 8. 0-0 Nf6 9. Ne5 Be7 10. g4 0-0 11. g5 Nxe5 12. gxf6 Nf3+ 13. Qxf3 Bxf3 14. fxe7 Qxe7 15. Rxf3 Qh4 16. Rg3 f5 17. Be3 Rf6 18. Nd2 Rg6 19. Bf2 Rxg3+ 20. Bxg3 Qg4 21. Re1 h5 22. Be2 Qg6 23. Nf3 d6 24. Kh1 Qe8 25. Ng5 e5 26. fxe5 dxe5 27. Bxe5 Rd8 28. Bd1 Qc6+ 29. Bf3 Qc4 30. Bxh5 Qxa2 31. Bf7+ Qxf7 32. Nxf7 Kxf7 33. Bc7 Rd7 34. Bb6 g6 35. Bc5 f4 36. Rf1 g5 37. Kg2 Ke6 38. Re1+ Kd5 39. Re5+ Kc4 40. Rxg5 Kb3 41. Rf5 Kxb2 42. Rxf4 Kxc3 43. h4 a5 44. h5 a4 45. h6 a3 46. Bxa3 Rh7 47. Bf8 b4 48. d5 b3 49. Rb4 b2 50. Rb8 Kc2 51. Bg7 b1Q 52. Rxb1 Kxb1 53. d6 Kc2 54. d7 Kd3 55. d8Q+ Ke4 56. Qg8 Rxg7+ 57. hxg7 Kf5 58. Qf8+ Kg6 59. g8Q+ Kh5 60. Qf5+ Kh6 61. Qgg6# 1-0

[Event "FRA-ch Blitz Online Qual"]
[Site "Europe Echecs INT"]
[Date "2020.05.16"]
[Round "4"]
[White "Benlatreche, Farid"]
[Black "Schrefheere, Anthime"]
[Result "0-1"]
[WhiteElo "1416"]
[BlackElo "1750"]
[PlyCount "86"]
[EventDate "2020.05.16"]
[EventType "swiss (blitz)"]
[EventRounds "15"]
[EventCountry "FRA"]
[SourceTitle "CBM 196 Extra"]
[Source "ChessBase"]
[SourceDate "2020.07.31"]
[SourceVersion "1"]
[SourceVersionDate "2020.07.31"]
[SourceQuality "1"]

1. d4 Nf6 2. f4 g6 3. e3 Bg7 4. c3 d5 5. Nf3 Nbd7 6. Bd3 Ne4 7. 0-0 Ndf6 8. Ne5 0-0 9. Nd2 Bf5 10. Ndf3 Nd7 11. Nxd7 Qxd7 12. Ne5 Qe6 13. g4 Bxe5 14. gxf5 gxf5 15. fxe5 Kh8 16. Bxe4 fxe4 17. Bd2 Rg8+ 18. Kh1 Rg6 19. Rg1 Rag8 20. Rxg6 Rxg6 21. Qh5 Qb6 22. b3 Qa6 23. Rg1 Qxa2 24. Qd1 Qa6 25. Rxg6 Qxg6 26. Qg1 Qb6 27. b4 a5 28. bxa5 Qxa5 29. Qe1 Qa2 30. Qf2 Qb1+ 31. Kg2 Kg7 32. Be1 Qd1 33. Qg3+ Kf8 34. Bf2 Qc1 35. Qf4 Qxc3 36. e6 f6 37. Bh4 Qd2+ 38. Kh3 Qd1 39. Qh6+ Ke8 40. Qxh7 Qf3+ 41. Bg3 Qf1+ 42. Kg4 Qe2+ 43. Kf4 Qf3# 0-1

[Event "FRA-ch Blitz Online Qual"]
[Site "Europe Echecs INT"]
[Date "2020.05.16"]
[Round "3"]
[White "Dore, Armand"]
[Black "Benlatreche, Farid"]
[Result "1-0"]
[WhiteElo "1855"]
[BlackElo "1416"]
[PlyCount "53"]
[EventDate "2020.05.16"]
[EventType "swiss (blitz)"]
[EventRounds "15"]
[EventCountry "FRA"]
[SourceTitle "CBM 196 Extra"]
[Source "ChessBase"]
[SourceDate "2020.07.31"]
[SourceVersion "1"]
[SourceVersionDate "2020.07.31"]
[SourceQuality "1"]

1. Nf3 d6 2. d4 Nd7 3. c4 e5 4. dxe5 dxe5 5. Nc3 Ngf6 6. e4 Be7 7. Be2 h6 8. 0-0 c6 9. Qc2 Qc7 10. h3 g5 11. Nh2 Nc5 12. Be3 Bd7 13. Rfd1 0-0-0 14. b4 Ne6 15. b5 Kb8 16. Rdb1 Bc5 17. Bxc5 Nxc5 18. bxc6 Bxc6 19. Nd5 Nxd5 20. cxd5 Bd7 21. Rc1 b6 22. a4 Na6 23. Bxa6 Qd6 24. Bb5 Bc8 25. Qc6 Qb4 26. Qc7+ Ka8 27. Bc6+ 1-0

[Event "Marseille Christmas blitz"]
[Site "Marseille"]
[Date "2019.12.30"]
[Round "1"]
[White "Benlatreche, Farid"]
[Black "Demuth, Adrien"]
[Result "0-1"]
[WhiteElo "1427"]
[BlackElo "2497"]
[PlyCount "20"]
[EventDate "2019.12.29"]
[EventType "swiss (blitz)"]
[EventRounds "9"]
[EventCountry "FRA"]
[SourceTitle "CBM 194 Extra"]
[Source "ChessBase"]
[SourceDate "2020.03.31"]
[SourceVersion "1"]
[SourceVersionDate "2020.03.31"]
[SourceQuality "1"]

1. e4 c5 2. Nf3 d6 3. d4 cxd4 4. Nxd4 Nf6 5. Nc3 Nc6 6. Bc4 e6 7. Be3 a6 8. Bb3 Qc7 9. f4 Na5 10. 0-0 b5 0-1